Guess The Album By 3 Songs #5 - Statistics

General Stats
  • This quiz has been taken 27 times
  • The average score is 4 of 10
Answer Stats
Songs Album % Correct
Set Fire To The RainOne And Only Someone Like You 21 - Adele
73%
Boulevard Of Broken DreamsWake Me Up When September Ends Homecoming American Idiot - Green Day
68%
Hells BellsShoot To Thrill You Shook Me All Night Long Back In Black - AC/DC
64%
Adore YouFalling She Fine Line - Harry Styles
50%
ControllaToo Good Hotline Bling Views - Drake
41%
What's The DifferenceThe Next Episode Bang Bang 2001 - Dr. Dre
36%
Ride Tear In My Heart Doubt Blurryface - Twenty One Pilots
36%
My FutureOverHeated Therefore I Am Happier Than Ever - Billie Eilish
32%
SoloNights Godspeed Blonde - Frank Ocean
23%
Wake Me Up Before You Go-GoEverything She Wants Freedom Make It Big - Wham
23%
No matching quizzes found
Score Distribution
Percent of People with Each Score
Percentile by Number Answered
Your Score History
You have not taken this quiz